000 00465nam a2200193Ia 4500
008 170918s9999 xx 000 0 und d
020 _a59009478
050 _bS535 1991
100 _aShaw, Nancy
245 _aSheep in a shop /
245 _cNancy Shaw ; illustrated by Margot Apple.
260 _aNew York :
260 _bScholastic,
260 _c1991
300 _a32 pages :
300 _bcolored illustration ;
300 _c20cm.
500 _a150
999 _c341025
_d341025